Applied anthropology
Αποθηκεύτηκε σε:
| Κύριος συγγραφέας: | |
|---|---|
| Μορφή: | Βιβλίο |
| Γλώσσα: | English French |
| Δημοσίευση: |
London :
Croom Helm,
1973.
|
| Θέματα: | |
| Ετικέτες: |
Προσθήκη ετικέτας
Δεν υπάρχουν, Καταχωρήστε ετικέτα πρώτοι!
|
MARC
| LEADER | 00000cam a2200000 i 4500 | ||
|---|---|---|---|
| 001 | 1/1651 | ||
| 008 | 000417s1973 enk| ||| |||| ||eng|| | ||
| 020 | |a 0856640409 | ||
| 035 | |l 10060099 | ||
| 040 | |a GR-MyUa |b gre |e AACR2 | ||
| 041 | 1 | |a eng |h fre | |
| 082 | 7 | |a 306 |2 (22) | |
| 100 | 1 | |a Bastide, Roger, |d 1898-1974. | |
| 245 | 1 | 0 | |a Applied anthropology / |c Roger Bastide ; translated by Alice L. Morton. |
| 260 | |a London : |b Croom Helm, |c 1973. | ||
| 300 | |a [7], 226 σ. ; |c 23 εκ. | ||
| 504 | |a Βιβλιογραφία: σ. 220-223. Ευρετήριο. | ||
| 650 | 0 | 0 | |a Applied anthropology. |
| 765 | 0 | 8 | |i Μετάφραση του: |t Anthropologie appliquee / |
| 852 | |a INST |b LESVOS |e 20000417 |h 306 BAS |p 005100021104 |q 005100021104 |t BK |y 0 | ||
| 901 | |a BIBL1-2000-2 | ||
| 970 | |z 2000/04/ΠΑΝΤΖΑΛΗ ΣΟΦΙΑ | ||